|
|
|
|
| LEADER |
00912nam#a2200289#c#4500 |
| 001 |
UMA-000283 |
| 003 |
UMA |
| 005 |
20260429 171623 |
| 008 |
260429suuuu#### ##########||||#0#spa#d |
| 020 |
# |
# |
|a 9788413821887
|
| 041 |
0 |
|
|a spa
|
| 044 |
# |
# |
|a sp
|
| 082 |
0 |
4 |
|a SEDE CENTRAL 611.01 ROH
|
| 100 |
1 |
# |
|a Rohen, Johannes W.
|e Autor
|
| 245 |
0 |
0 |
|a Atlas de anatomía humana: estudio fotográfico del cuerpo humano
|c Johannes W. Rohen
|
| 250 |
# |
# |
|a 9a. edición
|
| 264 |
# |
0 |
|a Barcelona, España
|b Elsevier
|c 2021
|
| 300 |
# |
# |
|a 597 páginas
|b Fotografías color
|c 30 x 21 cm
|
| 336 |
# |
# |
|a texto
|b txt
|2 rdacontent
|
| 337 |
# |
# |
|a no mediado
|b n
|2 rdamedia
|
| 338 |
# |
# |
|a volumen
|b nc
|2 rdacarrier
|
| 500 |
# |
# |
|a Laboratorio de Kinesiología
|
| 650 |
# |
0 |
|a Medicina
|
| 650 |
# |
0 |
|a Atlas de anatomía
|
| 650 |
# |
0 |
|a Atlas fotográfico
|
| 650 |
# |
0 |
|a P.P. Laboratorio de Kinesiología
|
| 700 |
0 |
# |
|a Chihiro Yokochi, Elke Lütjen-Drecoll
|e Autor
|